LEADER 00766nam0 2200253 450 001 000025962 005 20090526111923.0 100 $a20090526d1963----km-y0itay50------ba 101 0 $aeng 102 $aUS 105 $aa-------001yy 200 1 $aSolar flares$fHenry J. Smith and Elske v. P. Smith 210 $aNew York$cMacmillan$d1963 215 $a322 p$cill.$d25 cm 410 0$12001 500 10$aSolar flares$943067 676 $a523.75$v19$9Sole. Protuberanze, cromosfera, brillameti, corona 700 1$aSmith,$bHenry J.$0633502 701 1$aSmith,$bElske v. P.$0633503 801 0$aIT$bUNIPARTHENOPE$c20090526$gRICA$2UNIMARC 912 $a000025962 951 $aDISAM 523.75/1$bM 818$cDISAM$d2009 996 $aSolar flares$943067 997 $aUNIPARTHENOPE LEADER 01096nam a2200337 i 4500 001 991000849519707536 005 20020507102256.0 008 960320s1986 us ||| | eng 035 $ab10138237-39ule_inst 035 $aLE00637903$9ExL 040 $aDip.to Fisica$bita 084 $a52.9.3 084 $a52.9.52 084 $a52.9.523 084 $a551 084 $aQB631 100 1 $aSaxena, S.$0461337 245 10$aChemistry and physics of terrestrial planets /$cedited by S. Saxena...[et al.] 260 $aNew York :$bSpringer-Verlag,$c1986 300 $ax, 405 p. :$bill. ;$c25 cm. 490 0 $aAdvances in physical geochemistry ;$v6 650 4$aCosmochemistry 650 4$aEarth 650 4$aGeochemistry 650 4$aPlanets 907 $a.b10138237$b17-02-17$c27-06-02 912 $a991000849519707536 945 $aLE006 52.9.3 SAX$g1$i2006000025454$lle006$o-$pE0.00$q-$rl$s- $t0$u0$v0$w0$x0$y.i10163487$z27-06-02 996 $aChemistry and physics of terrestrial planets$9185520 997 $aUNISALENTO 998 $ale006$b01-01-96$cm$da $e-$feng$gus $h0$i1